000
00201 a2200109 4500
020
_a
070993005504
041
_a
eng
100
_a
Carol Higgins Clark
245
_a
Snagged
942
_c
BK
952
_7
1
999
_c
21846
_d
21846